00652 2200229 4500001002100000005001700021008004100038020002200079035002500101040001200126082001400138084001600152245009800168250001100266260003100277300002200308650002600330850001200356990001800368990001800386990001800404INLIS00000000001291120150915171539.0  a978-602-1813-11-2 a0010-091500000001424 aYOPDYOG 223a297.5 aK 028.5 Ser aSERI mengenal hewan : Orangutan, primata pintar yang mirip manusiac/ Tim studio kreasi media aCet. 2 aJakartabKids Bookerc2015 a29 hlm.c; 20 cm. aAnak--Buku dan Bacaan aYOPDYOG a22762-PD/B.15 a22763-PD/B.15 a22764-PD/B.15